=LDR 00000nam 2200000 4500 =001 INLIS000000000004658 =005 20130612092926 =008 ***********************************Ind** =035 ##$$0010-061300000004658 =041 ##$$a Ind =082 ##$$a 636.6 =090 ##$$a 636.6, Sud m =100 ##$$a SUDRAJAD =245 ##$$a Merawat dan melatih kenari Fusan. -- Cet.2. -- =260 ##$$a 1998 $b Ungaran : Trubus Agriwidya =300 ##$$a vi, 32 hlm. : ilus. ; 20 cm =650 ##$$a Kenari - Burung =850 ##$$a NBPNMAT